Odgadnij po obrazku państwa, których nazwa ma 5 liter - Statystyki

Ogólne statystyki
  • Ten quiz został rozwiązany 17 razy
  • Średni wynik to 12 z 29
Statystyki odpowiedzi
Obrazkowy Odpowiedź % Poprawnych
Egipt
88%
Rosja
88%
Chiny
82%
Indie
76%
Dania
65%
Łotwa
59%
Nepal
59%
Sudan
59%
Węgry
59%
Kenia
53%
Katar
35%
Liban
35%
Litwa
35%
Palau
35%
Syria
35%
Chile
29%
Jemen
29%
Malta
29%
Fidżi
24%
Libia
24%
Nauru
24%
Samoa
24%
Ghana
18%
Kongo
18%
Niger
18%
Tonga
18%
Benin
12%
Gabon
12%
Haiti
12%
Nie znaleziono quizów pasujących do podanych kryteriów
Rozkład punktacji
Procent ludzi z każdym wynikiem
Percentyl według liczby udzielonych odpowiedzi
Twoja historia wyników
Nie rozwiązałeś tego quizu